melissa - Paroles quoi faire de moi - Statistiques

Statistiques générales
  • Ce quiz a été pris 23 fois
  • Le résultat moyen est 157 sur 219
Statistiques - réponses
Hint Réponse % Correct
m’
100%
à
93%
ah
93%
ah)
93%
(Ah,
93%
ah,
93%
Couplet 2 J'
93%
Pont (Moi
93%
pas
93%
j’
93%
Refrain J'
93%
j'
93%
(J’
93%
Je
93%
je
93%
me
93%
moi,
93%
moi
93%
moi)
93%
pas
93%
sais
93%
appart’,
86%
d’
86%
d'
86%
de
86%
De
86%
(de
86%
faire
86%
(Par
86%
Quoi
86%
quoi
86%
Couplet 1 Soirée,
86%
suis
86%
fasse,
79%
l'
79%
là,
79%
la
79%
79%
que
79%
qui
79%
ai
71%
au
71%
dans
71%
Du
71%
juste
71%
le
71%
parfois
71%
(Parfois
71%
personne
71%
place
71%
regarde
71%
seule
71%
short,
71%
tél',
71%
un
71%
les
64%
milieu
64%
mini
64%
On
64%
sens
64%
sous
64%
tous
64%
trop
64%
yeux
64%
ceux
57%
dansent
57%
des
57%
des,
57%
Et
57%
jeans
57%
leurs
57%
mis
57%
peu
57%
Pourtant
57%
prends
57%
reste
57%
salon,
57%
aise
50%
alors
50%
autres
50%
demande
50%
distance
50%
efface,
50%
est
50%
fois
50%
font
50%
garçons,
50%
gens
50%
gens)
50%
ma
50%
mon
50%
plus
50%
semblant
50%
Style
50%
sur
50%
talons
50%
bruyants,
43%
ça
43%
débordent
43%
fait,
43%
Ils
43%
préfère
43%
si
43%
sont
43%
Sûrement
43%
(Sûrement)
43%
tête
43%
mieux
36%
fais
36%
grands,
36%
loin
36%
(Loin
36%
mieux
36%
(Mieux)
36%
pièce,
36%
bat
29%
cœur
29%
être
29%
genre
29%
invisibles)
29%
larmes
29%
toute
29%
vitesse
29%
demande
14%
Sûrement
14%
Aucun quiz correspondant
Distribution des résultats
% des personnes avec chaque résultat
Percentile par nombre de réponses
Votre historique - résultats
Vous n’avez pas pris ce quiz